000 02241cam a22004694i 4500
003 PE-LiUPU
005 20250731165438.0
008 160525s2016 pe a grm 000 0 spa d
035 _a(Sirsi) a156852
040 _aPE-LiUPU
_bspa
_cPE-LiUPU
_erda
099 _aTPS 2
_bG87 2016
100 1 _aGuerrero Llempén, Sunamita
_eautor
245 1 _aClima social familiar y autoconcepto en estudiantes de 3ro. a 5to. año de secundaria de una institución educativa privada de Lima este, 2015 /
_cSunamita Guerrero Llempén.
264 0 _c2015.
300 _a105 hojas :
_bilustraciones;
_c30 cm
336 _atext
_2rdacontent
337 _aunmediated
_2rdamedia
338 _avolume
_2rdacarrier
502 _aTesis
_b(Lic.) --
_cUniversidad Peruana Unión,
_d2016.
504 _aIncluye referencias
520 3 _aEl presente trabajo de investigación tuvo como objetivo determinar la relación entre clima social familiar y el autoconcepto en estudiantes del tercer, cuarto y quinto año del nivel secundario en una institución educativa privada de Lima Este. El diseño fue no experimental, de alcance correlacional y corte transversal. La muestra estuvo conformada por 157 estudiantes, 69 varones y 88 mujeres, cuyas edades oscilaron entre 13 y 17 años. Se utilizó la Escala de Clima social familiar (FES) y la escala de autoconcepto forma 5 (AF5). En los resultados obtenidos se halló que el existe relación altamente significativa entre las variables, es decir, que cuando las familias de los estudiantes presentan un adecuado clima social, el autoconcepto de los mismos es favorable.
526 _aSEG44
526 _aSEG26
526 _aP151
526 _aP150
526 _aP149
526 _aP146
526 _aP145
526 _aP126
526 _aP125
526 _aP92
526 _aP75
526 _aP74
526 _aP27
526 _aP15
650 0 4 _aEscolares
_xFamilias
_vTesis.
650 0 4 _aEscolares
_xAutoconcepto
_vTesis.
700 1 _aMestanza Ramos, Nataly Ruby Dafné
_eautor
596 _a1
942 _2ddc
_cTESIS
999 _aTPS 2 G87 2016
_wALPHANUM
_c9507
_iT01960
_lCCODEBUL3
_mBUL
_r1
_sY
_tTESIS
_u2016-5-25
_xSALUD
_PP33
_o.STAFF. Tesis
_d9507
980 _81
_gALBERTO SANCHEZ Responsable de Automatización